| 000 | 00677nam a2200229Ia 4500 | ||
|---|---|---|---|
| 003 | OSt | ||
| 005 | 20220107122740.0 | ||
| 008 | 130318s9999 xx 000 0 und d | ||
| 020 | _a9788173716126 | ||
| 040 | _cIIITM-K | ||
| 082 | _a005.12028 HOR/F;2 | ||
| 100 |
_aHorowitz, Ellis _94432 |
||
| 245 |
_aFundamentals of computer algorithms _cby Ellis Horowitz; Sartaj Sahni; Sanguthevar Rajasekaran |
||
| 250 | _a2nd ed. | ||
| 260 |
_bUniversity Press, _aHyderabad _c2008. |
||
| 300 | _axx, 773p. | ||
| 650 |
_aCOMPUTER SCIENCE _94433 |
||
| 650 |
_aCOMPUTER ALGORITHMS _94434 |
||
| 700 |
_aRajasekaran, Sanguthevar _94435 |
||
| 700 |
_aSahni, Sartaj _94436 |
||
| 942 |
_2ddc _cBK |
||
| 999 |
_c3932 _d3932 |
||